Сопротивление материалов. Коррозионное растрескивание: учебное пособие для прикладного бакалавриата

Bibliographische Detailangaben
1. Verfasser: Хижняков В. И. Валентин Игнатьевич
Körperschaft: Национальный исследовательский Томский политехнический университет (ТПУ)
Zusammenfassung:В пособии изложены современные проблемы коррозионного растрескивания магистральных напряженно-деформированных газонефтепроводов в процессе длительной эксплуатации; приведены результаты многолетних исследований по вопро­сам коррозионного растрескивания катодно-защищаемой поверхности трубных ста­лей ферритно-перлитного класса. Значительное внимание уделено разработке новых критериев выбора режимов катодной защиты подземных стальных трубопроводов, позволяющих в экспрессном режиме определять остаточную скорость коррозии и сте­пень электролитического наводороживания трубных сталей при различных напряже­ниях и потенциалах катодной защиты. Приведены вопросы для самопроверки.
Sprache:Russisch
Veröffentlicht: Москва, Юрайт, 2019
Schriftenreihe:Университеты России
Schlagworte:
Format: MixedMaterials Buch
KOHA link:https://koha.lib.tpu.ru/cgi-bin/koha/opac-detail.pl?biblionumber=343561

MARC

LEADER 00000nam0a2200000 4500
001 343561
005 20231102005554.0
010 |a 9785534014419 
035 |a (RuTPU)RU\TPU\book\373971 
035 |a RU\TPU\book\337258 
090 |a 343561 
100 |a 20151214d2019 m y0rusy50 ca 
101 0 |a rus 
102 |a RU 
105 |a a j 001zy 
200 1 |a Сопротивление материалов. Коррозионное растрескивание  |e учебное пособие для прикладного бакалавриата  |f В. И. Хижняков  |g Национальный исследовательский Томский политехнический университет (ТПУ) 
210 |a Москва  |c Юрайт  |d 2019 
215 |a 263 с.  |c ил. 
225 1 |a Университеты России 
320 |a Библиогр.: с. 231-262 
330 |a В пособии изложены современные проблемы коррозионного растрескивания магистральных напряженно-деформированных газонефтепроводов в процессе длительной эксплуатации; приведены результаты многолетних исследований по вопро­сам коррозионного растрескивания катодно-защищаемой поверхности трубных ста­лей ферритно-перлитного класса. Значительное внимание уделено разработке новых критериев выбора режимов катодной защиты подземных стальных трубопроводов, позволяющих в экспрессном режиме определять остаточную скорость коррозии и сте­пень электролитического наводороживания трубных сталей при различных напряже­ниях и потенциалах катодной защиты. Приведены вопросы для самопроверки. 
606 1 |a Трубопроводы магистральные  |x Защита от коррозии  |x Электрохимический метод  |2 stltpush  |3 (RuTPU)RU\TPU\subj\61787  |9 78950 
610 1 |a подземные трубопроводы 
610 1 |a коррозия 
610 1 |a влияющие факторы 
610 1 |a скорость 
610 1 |a катодная защита 
610 1 |a остаточная скорость 
610 1 |a стальные трубопроводы 
610 1 |a трубные стали 
610 1 |a наводороживание 
610 1 |a механические напряжения 
610 1 |a магистральные газонефтепроводы 
610 1 |a электрохимическая защита 
610 1 |a коррозионное состояние 
610 1 |a комплексное обследование 
610 1 |a катодно-защищаемые поверхности 
610 1 |a водородный надрез 
610 1 |a инкубационный период 
610 1 |a микротрещины 
610 1 |a учебные пособия 
610 1 |a труды учёных ТПУ 
675 |a 622.691.4.076(075.8)  |v 4 
700 1 |a Хижняков  |b В. И.  |c специалист в области нефтегазового дела  |c профессор Томского политехнического университета, доктор технических наук  |f 1948-  |g Валентин Игнатьевич  |2 stltpush  |3 (RuTPU)RU\TPU\pers\26138 
712 0 2 |a Национальный исследовательский Томский политехнический университет (ТПУ)  |c (2009- )  |2 stltpush  |3 (RuTPU)RU\TPU\col\15902 
801 1 |a RU  |b 63413507  |c 20191010 
801 2 |a RU  |b 63413507  |c 20191125  |g RCR 
942 |c BK 
959 |a 14/20191009  |d 1  |e 694,43  |f ЧЗТЛ:1